Champions League: Spieler mit den meisten Halbfinaleinsätzen - Statistiken

Allgemein
  • Dieses Quiz wurde 182 mal gespielt
  • Das Durchschnittsergebnis liegt bei 10 aus 16
Antwortstatistiken
Einsätze Nationalität Spieler % Korrekt
21 Portugal Cristiano Ronaldo
99%
18 Kroatien Luka Modric
97%
20 Deutschland Toni Kroos
94%
15 Argentinien Lionel Messi
93%
17 Deutschland Thomas Müller
92%
15 Deutschland Manuel Neuer
83%
14 Österreich David Alaba
78%
18 Frankreich Karim Benzema
73%
16 Spanien Sergio Ramos
72%
16 Spanien Xavi
63%
14 Spanien Iker Casillas
52%
17 Spanien Xabi Alonso
27%
14 Brasilien Dani Alves
22%
14 Spanien Victor Valdes
17%
14 Niederlande Edwin van der Sar
14%
14 England John Terry
11%
Keine übereinstimmenden Quizze gefunden
Verteilung der Resultate
Anzahl Personen mit jedem Resultat
Perzentil nach korrekt beantworteten Fragen
Ihre Resultats-Entwicklung
Sie haben dieses Quiz noch nicht gespielt